Random kpop trivia! - Statistics

General Stats
  • This quiz has been taken 315 times
  • The average score is 9 of 15
Answer Stats
Hint Answer % Correct
Who are known as the kings of kpop? Bts
99%
Which was the first kpop group to perform at the grammys? Bts
99%
How many generations of kpop have their been? 4
91%
Which was the first kpop group to perform at coachella? Blackpink
90%
Which got7 member went viral for his reaction to jyp and hwasa's performance at the 2019 mama awards? Jackson
78%
Which kpop girl group has the most daesangs? Twice
70%
What does the.kpop group name txt stand for? Tomorrow x together
62%
Which was the first kpop group to have a light stick? Big bang
60%
What is the most viewed kpop song on youtube? Gangnam style
57%
How many nct members are there throughout the 3 groups as of 2023? 20
54%
What is the name of the tv show that kpop idols do sport events? Isac
47%
Which idol siblings performed the cover of candy in my ears on music bank in 2022? Moon bin and moon sua
43%
Which was the first kpop girl group to have a world tour? 2ne1
41%
Which song and group won song of the year at the 2022 mama awards? Love dive - Ive
13%
What name was bts' Jimin in going to use for his stage name? Baby g
5%
No matching quizzes found
Score Distribution
Percent of People with Each Score
Percentile by Number Answered
Your Score History
You have not taken this quiz